LEADER 01256nam0 2200289 450 001 000031294 005 20170127134008.0 010 $a978-88-14-20952-9 100 $a20170127d2016----km-y0itay50------ba 101 0 $aita 102 $aIT 105 $ay-------001yy 200 1 $a<< Le >>adozioni in casi particolari$eadozione nazionale e internazionale da parte dei single$erapporti con la famiglia di origine$eadozione da parte di coppie dello stesso sesso$eprocedimento: domanda, istrutoria, impugnazione, revoca$eadozione mite nella prassi e nella giurisprudenza$eil diritto alla continuit ?affettiva$fdi Marta Rovacchi 210 $aMilano$cGiuffr?$d2016 215 $a70 p.$d28 cm 225 2 $aOfficina del diritto$iFamiglia e successioni 300 $aTitolo in copertina 410 0$12001$aOfficina del diritto$iFamiglia e successioni 500 10$a<< Le >>adozioni in casi particolari$91395818 610 1 $aAdozione$aLegislazione$aItalia 676 $a346.450178$v22$9Diritto privato. Adozione. Italia 700 1$aRovacchi,$bMarta$0618626 801 0$aIT$bUNIPARTHENOPE$c20170127$gREICAT$2UNIMARC 912 $a000031294 951 $a346-A/22$b46387$cNAVA1$d2017 996 $aAdozioni in casi particolari$91395818 997 $aUNIPARTHENOPE LEADER 03557oam 22008054a 450 001 996333148203316 005 20221206181223.0 010 $a0-520-96717-8 024 7 $a10.1525/9780520967175 035 $a(CKB)3710000001092109 035 $a(DE-B1597)539715 035 $a(DE-B1597)9780520967175 035 $a(OCoLC)1085611769 035 $a(MdBmJHUP)muse73003 035 $a(OCoLC)961035115 035 $a(ScCtBLL)65a5b579-2c6e-4fb3-9ef6-deb28d59b7db 035 $a(EXLCZ)993710000001092109 100 $a20161013d2017 uy 0 101 0 $aeng 135 $aurm|#---||||| 181 $ctxt$2rdacontent 182 $cc$2rdamedia 183 $acr$2rdacarrier 200 10$aAlmost Hollywood, Nearly New Orleans$eThe Lure of the Local Film Economy /$fVicki Mayer 210 1$aOakland, California :$cUniversity of California Press,$d[2017] 210 4$dİ[2017] 215 $a1 online resource (xi, 147 pages) $cillustrations (some colour); digital, PDF file(s) 311 08$aPrint version: 0520293819 320 $aIncludes bibliographical references (pages 115-138) and index. 327 $aPrologue : I'm just a film tax credit -- Introduction : presenting Hollywood South -- The making of regional film economies : why La. is not L.A. -- Hollywood South : structural to visceral reorganizations of space -- The place of Treme in the film economy : love and labor for Hollywood South -- (Almost a) conclusion -- Appendix : a guide to decoding film economy claims and press coverage. 330 $a"Early in the twenty-first century, Louisiana, one of the poorest states in the United States, redirected millions in tax dollars from the public coffers to become the number one location site globally for the production of Hollywood films and television series. Why would lawmakers support such a policy? Why would citizens accept the policy's uncomfortable effects on their economy and culture? Almost Hollywood, Nearly New Orleans answers these questions through a study of the local and everyday experiences of the film economy in New Orleans, Louisiana--a city that has twice pursued the mantle of a movie production capital. From the silent era to Hollywood South, Vicki Mayer explains that the aura of a film economy is inseparable from a prevailing sense of home, even as it changes that place irrevocably"--Provided by publisher. 606 $aMotion picture industry$zLouisiana$zNew Orleans 610 $aacademic. 610 $aamerican south. 610 $acareer. 610 $acinema studies. 610 $aeconomy. 610 $afilm crew. 610 $afilm economy. 610 $afilm studies. 610 $afilm. 610 $afilming. 610 $ahollywood south. 610 $ahollywood. 610 $alocal film. 610 $alos angeles. 610 $amaking money. 610 $amaking movies. 610 $amedia. 610 $amoney. 610 $amovie star. 610 $amovies. 610 $amultimedia. 610 $anew orleans. 610 $apress coverage. 610 $aregional film economies. 610 $aregional film. 610 $asaving money. 610 $ascholarly. 610 $asouthern california. 610 $atelevision. 615 0$aMotion picture industry 676 $a791.4309763/35 700 $aMayer$b Vicki$f1971-$0985930 801 0$bMdBmJHUP 801 1$bMdBmJHUP 906 $aBOOK 912 $a996333148203316 996 $aAlmost Hollywood, nearly New Orleans$92253508 997 $aUNISA